Lao folktales. (Record no. 10194)

MARC details
000 -LEADER
fixed length control field 00378nam a22001457a 4500
008 - FIXED-LENGTH DATA ELEMENTS--GENERAL INFORMATION
fixed length control field 210830b |||||||| |||| 00| 0 eng d
020 ## - INTERNATIONAL STANDARD BOOK NUMBER
International Standard Book Number 9789749575871
082 ## - DEWEY DECIMAL CLASSIFICATION NUMBER
Classification number 398.2 EPS
100 ## - MAIN ENTRY--PERSONAL NAME
Personal name Epstein, Steven Jay.
245 ## - TITLE STATEMENT
Title Lao folktales.
260 ## - PUBLICATION, DISTRIBUTION, ETC.
Place of publication, distribution, etc. Chiang Mai :
Name of publisher, distributor, etc. Silkworm Books,
Date of publication, distribution, etc. 1995.
300 ## - PHYSICAL DESCRIPTION
Extent ix, 113 p. :
Dimensions 25 cm.
Other physical details ill. ;
650 ## - SUBJECT ADDED ENTRY--TOPICAL TERM
Topical term or geographic name entry element Folktales.
942 ## - Added entry Elements (Koha)
Source of classification or shelving scheme Dewey Decimal Classification
Holdings
Withdrawn status Lost status Source of classification or shelving scheme Damaged status Not for loan Collection code Home library Current library Shelving location Date acquired Inventory number Total Checkouts Full call number Barcode Date last seen Date last checked out Price effective from Koha item type Public note
    Dewey Decimal Classification     Main TEST RTC Library RTC Library Main opac 08/04/2025 19252 1 398.2 EPS 30020420 27/06/2025 04/06/2025 08/04/2025 Main Donated by Dr. Dolma.
Royal Thimphu College || All Right Reserved